| 000 | 00000nam##2200000za#4500 |
| 001 | 9.571727 |
| 003 | CaOODSP |
| 005 | 20210624182852 |
| 007 | cr ||||||||||| |
| 008 | 150406|2000||||xxc|||||o f|0| 0 eng|d |
| 040 | |aCaOODSP|beng |
| 043 | |an-cn--- |
| 086 | 1 |aNH18-23/55-4E-PDF |
| 110 | 2 |aCanada Mortgage and Housing Corporation. |
| 245 | 10|aSpecial studies on 1996 Census data : |h[electronic resource]|bhousing Canada's children |
| 260 | |aOttawa - Ontario : |bCanada Mortgage and Housing Corporation |c[2000]. |
| 300 | |a6p.|bgraphs, tables |
| 490 | 1 |aResearch highlight. Socio-economic series|v55-4 |
| 590 | |a11-22-Supp|b2011-10-13 |
| 690 | 07|aHousing|2gcpds |
| 690 | 07|aChildren|2gcpds |
| 690 | 07|aCensus|2gcpds |
| 775 | 08|tÉtudes spéciales sur les données du recensement de 1996 : |w(CaOODSP)9.602155 |
| 776 | 0#|tSpecial studies on 1996 Census data: housing Canada's children |w(CaOODSP)9.615550 |
| 830 | #0|aResearch highlight. Socio-economic series ;|v55-4|w(CaOODSP)9.505168 |
| 856 | 40|ahttp://publications.gc.ca|qPDF|s199 KB|uhttps://publications.gc.ca/collections/Collection/NH18-23-55-4E.pdf|y55-4 |